000 01092cab a2200313 4500
001 WB3014-83
008 090401t1994 xxu||||| |||| 00| 0 eng d
035 _a(Sirsi) u24450
041 _aeng
245 _aValuation advice
260 _c1994
350 _a0
490 _aEstates Gazette
_v(9413) 2 April 1994, 21
490 _aEstates Times
_v(1229) 8 April 1994, 1(1)
520 _aThe RICS has fresh `best practice` advice for valuing hotels, but this is at odds with that published by the British Association of Hotel Accountants. A consultation document proposing new RICS guidance in the White Book on the valuation of inducements in leases has drawn criticism from valuers.
650 _aHOTELS
650 _aLEASE INCENTIVES
650 _aLEASES
650 _aLEISURE PROPERTY
650 _aLICENSED PROPERTY
650 _aMANUAL OF VALUATION
650 _aRENT-FREE PERIODS
650 _aValuation
_96273
650 _aVGN 13
650 _aWHITE BOOK
690 _aMANAGEMENT-BUSINESS MANAGEMENT-PROFESSIONAL PRACTICE
942 _n0
948 _c04/03/1997
999 _c16397
_d16397